00832 2200217 4500001002100000005001700021008004100038035002400079040001200103082001000115084001800125245015200143260002800295300003800323500015100361650003400512700001500546700002000561850001200581990002100593YOGYA-0611000000009220170427142440.0 ind  0010-061100000000092 aYOPDYOG a649.1 aDEP 649.1 Mem aMEMBIDIK anggaran peka genderbadvokasi pengasuhan anak untuk perempuan pekerja di kota Yogyakartac/ Amin Muftiyanah...[et.al]; editor, Nur Hasyim aYogyakartabLSPPAc2003 aviii, 112 hlm.b: ilus.c; 21 cm. aDiterbitkan bersama oleh Rifka Annisa Women's Crisis Center (RAWCC) Yasanti Annisa Swasti (Yasanti), LSPPA dan didukukung oleh the Asia Foundation aAnakxPerawatan dan kesehatan aNur Hasyim aAmin Muftiyanah aYOPDYOG aCB-D.11/2003-361